00826nam a2200253Ia 4500008004100000020001800041050001600059050001800075100002500093245002900118245005900147245002500206260001700231260002200248260000900270300001600279300002000295300001100315650002000326650003800346650004500384999001900429952012400448160404s9999 xx 000 0 und d a971-8994-76-9 aFIL TX 928  b.S53 2006 c.1 aSicat, Ma. Aurora L. aHousekeeping made easy : ba must read to learn the ropes of smart housekeeping / cMa. Aurora L. Sicat. aMakati City: bSound Pub. Corp., c2006 a256 pages : billustrations ; c23 cm. aHome economics. aHotel housekeeping -- Management. xHousekeeping -- Manuals, handbooks, etc. c293164d293164 001040aSMCbSMCcFILd2008-05-31g199.00l0oFIL TX 928 .S53 2006 c.1pSMC05159r2016-04-04 00:00:00w2016-04-04yBK